| 000 | 01083nam a2200265 i 4500 | ||
|---|---|---|---|
| 001 | bg | ||
| 245 | 0 | 0 |
_aZabudowa mieszkaniowa w kształtowaniu przestrzeni miasta : _bBiałystok 1989-2004 / _cpod red. Grażyny Dąbrowskiej-Milewskiej. |
| 260 |
_aBiałystok : _bWydawnictwo Politechniki Białostockiej, _c2005. |
||
| 300 |
_a201 s. : _bil. ; _c23 cm. |
||
| 490 | 1 |
_aRozprawy Naukowe / Politechnika Białostocka, _x0867-096X ; _vnr 117 |
|
| 504 | _aBibliogr. s. 197-201. | ||
| 650 | 9 |
_aArchitektura polska _xhistoria _yod 1989 r. |
|
| 650 | 9 |
_aBudownictwo mieszkaniowe _zPolska _yod 1989 r. |
|
| 650 | 9 |
_aUrbanistyka _zPolska _yod 1989 r. |
|
| 651 | 9 |
_aBiałystok (woj. podlaskie) _xbudownictwo _yod 1989 r. |
|
| 651 | 9 |
_aBiałystok (woj. podlaskie) _xplanowanie przestrzenne _yod 1989 r. |
|
| 700 | 1 |
_aDĄBROWSKA-MILEWSKA, Grażyna M.. _eRed. |
|
| 830 | 0 |
_aRozprawy Naukowe (Politechnika Białostocka) ; _vnr 117 |
|
| 015 | _aPB 3299/2006 | ||
| 040 | _cBPK | ||
| 041 | 0 | _apol | |
| 080 | _a711.4/.8:728](438)"1989/..." | ||
| 942 | _cKS | ||
| 008 | s pl f |000 0 pol | ||
| 999 |
_c52703 _d52703 |
||
| 856 |
_uhttp://koha.tu.koszalin.pl/cgi-bin/koha/opac-detail.pl?biblionumber=52703 _yKatalog online BPK |
||